000 01359nam a2200349 i 4500
001 000045337
003 DO-SdBNP
005 20240905100044.0
007 ta
008 150304s2011 dr ac 000 0bspa d
020 _z9993429201
040 _aDO-SdBNP
_bspa
_cBNPHU
_erda
082 4 _a327.7293092
_bR896C, 2011
_222
100 1 _aCollado, Lipe,
_d1947-
_979819
_eautor
_4aut.
245 1 3 _aLa impresionante vida de un seductor Porfirio Rubirosa :
_bde cómo un dominicano se convirtió en chulo del jet set internacional /
_cLipe Collado.
250 _adecima edición
264 1 _aSanto Domingo :
_beditora Collado,
_c2011.
300 _a189 páginas:
_bilustraciones, facsímil., retratos ;
_c23 cm.
336 _atexto
_btxt
_2rdacontent
337 _asin media
_bn
_2rdamedia
338 _avolumen
_bnc
_2rdacarrier
500 _aIncluye datos biográficos del autor en la solapa de la cubierta.
500 _aIncluye índice onomástico
500 _aIncluye cronología de Porfirio Rubirosa.
500 _aIncluye referencias bibliográficas y notas al pie de las páginas.
590 _aInventariado, 2018/BT
600 1 4 _aRubirosa, Porfirio,
_d1909-1965
_97030
650 4 _aDiplomáticos dominicanos
_xBiografías
_934346
650 4 _aCelebridades
_xBiografías
_97033
910 _aValidado. Control de calidad. MFF
942 _2ddc
_cLBS1
999 _c44826
_d44826